Wards of Monaco (With a Map) - Statistics

General Stats
  • This quiz has been taken 1,177 times
  • The average score is 4 of 10
Answers on the Map
Answers color-coded by a green-red scale on the quiz's map according to % correct below.
 
Answer Stats
Ward % Correct
Monte Carlo
91%
Monaco-Ville
62%
La Condamine
44%
La Rousse
41%
Fontvieille
37%
Larvotto
37%
Les Moneghetti
33%
Saint Michel
26%
La Colle
18%
Les Révoires
17%
No matching quizzes found
Score Distribution
Percent of People with Each Score
Percentile by Number Answered
Your Score History
You have not taken this quiz